000 007420000a22002290004500
003 LK-CoMWRAF
005 20231102112058.0
008 230817t1999 ||||| |||| 00| 0 eng d
020 _a1555878172
040 _aLK-CoMWRAF
_dLK-CoMWRAF
_eLK-CoMWRAF
041 _aeng
082 _a 305.42
_bWOM
245 _aWomen's Rights to house and land:
_bChina, Laos, Vietnam
260 _aBoulder:
_bLynne Rienner Publishers,
_c1999
300 _ax, 305 p. : maps ; 24 cm.
_bBibliography and index included
650 _aWOMEN'S RIGHTS-China-Laos-Vietnam
650 _aWomen in development-China-Laos-Vietnam
650 _aWomen - Housing-China-Laos-Vietnam
700 _aTinker, Irene
_eed.
700 _aSummerfield, Gale,
_eed.
942 _cBK
999 _c2357
_d2357